000 00543nam a2200217Ia 4500
003 OSt
005 20221005120035.0
006 a|||||r|||| 00| 0
007 ta
008 221004b |||||||| |||| 00| 0 mar d
024 _a46155
037 _cTextual
040 _aCRL
_cCRL
_bmar
041 _2mar
_amar
082 _aY74435:351, 155K11
100 _aThukal G.L.
_9628426
245 0 _aDagadubaba
650 _aSOCIOLOGY
942 _hY74435:351, 155K11
_cTEXL
_2cc
999 _c1036678
_d1036678